000
00241nam a2200097Ia 4500
001
687307
005
20250826161553.0
008
250824s9999 xx 000 0 und d
245
0
_a
GEVREKÇİ
_c
HACER KILCIOĞLU
260
_b
GÜNIŞIĞI YAYINLARI
999
_c
687307
_d
687307